000 00829nam a2200217Ia 4500
003 IN-BaIIA
008 211028s9999 xx 000 0 eng d
040 _cIIA Library
080 _a523.62-726(082.2)
_bPRO-2
100 _aPizzo, V. J.
_916017
111 _aInternational Solar Wind Conference YMCA
_cRockies Estes Park, Colorado,USA
_d45139
_916018
245 0 _aSolar wind
_bproceedings of of the sixth international solar wind conference YMCA of the Rockies Estes Park, Colorado,USA, August 23
_c V. J. Pizzo
260 _aU.S.A
_bBoulder
_c1987
300 _aix, 357-714p.
490 _aNCAR technical note; v. 2
650 _aAstronomy and astrophysics thesaurus
650 _aSolar wind
_95747
700 _aHolzer, T
_916019
700 _aSime, D. G
_916020
942 _cBK
999 _c9511
_d9511